000 00793nam a2200241 i 4500
001 181907
003 ES-MaACL
005 20231019172552.0
008 130506s2012 sp | |||||||| | spa d
020 _a978-84-15449-57-7
080 _a821.134.2-31"19"
100 1 _aGonzález-Castán, Oscar L.
_958500
245 1 3 _aEl dios /
_cÓscar L. González-Castán.
250 _a1ª ed.
260 _aAranjuez, Madrid :
_bAtlantis,
_c2012.
300 _a273 p. ;
_c21 cm.
490 1 _aNarrativa
830 0 _aNarrativa
_9177839
852 _aES-MaACL
_jN-5606
_zDedicatoria autógrafa del autor
_9188815
_bR.148770
_cDEPO1
_dOlim: N-5606
_xDonación: Óscar L. González-Castán
903 _958500
_aGonzález-Castán, Oscar L.
_ednr
942 _2udc
_cMONOGRAFIA
999 _c181907
_d181907